| 000 | 00944nam a22002537a 4500 | ||
|---|---|---|---|
| 003 | PE SENCICO BE | ||
| 005 | 20251020182711.0 | ||
| 008 | 250121b |||||||| |||| 00| 0 eng d | ||
| 020 | _a9972-717-04-6 | ||
| 040 |
_aPE SENCICO BE _cPE SENCICO BE |
||
| 041 |
_aspa _aeng |
||
| 082 |
_a985.46 _bC |
||
| 245 | 1 |
_aChachapoyas : _bel reino perdido = the lost kingdom / _cedición, Elena González, Rafo León ; fotografías, Jorge H. Esquiroz |
|
| 260 |
_aLima : _bAFP Integra ; _c2002 |
||
| 300 |
_a399 páginas : _bilustraciones a color, láminas, fotografías ; _c28 cm. |
||
| 505 | 0 | _aPueblo de las nubes -- Las nubes y el horizonte -- Las momias de la Laguna de los Cóndores | |
| 650 | 1 | 0 |
_92855 _aIndígenas del Perú |
| 650 | 2 | 0 |
_9753 _aArqueología |
| 651 | 1 | 0 |
_92856 _aChachapoyas, Amazonas (Perú : Provincia) |
| 700 | 1 |
_92857 _aGonzález, Elena |
|
| 700 | 1 |
_92858 _aLeón, Rafo |
|
| 910 |
_ahfp _bhfp _chfp |
||
| 942 |
_2ddc _cLIB |
||
| 999 |
_c5069 _d5069 |
||